The three bears

Bibliographic Details
Format: Book
Published: England : Peter Haddock Ltd , 19-
Subjects:

MARC

LEADER 00000cam a2200000 7i4500
001 0000009130
002 000009943
005 20000330.0
020 |a T000000742 
090 0 0 |a JF   |b THR 
245 1 0 |a The three bears 
260 |a England :   |b Peter Haddock Ltd ,   |c 19- 
300 |a p.v :   |b ill ;   |c 17cm. 
650 0 0 |a Children's stories 
999 |a 043709   |b BUKU   |c PINJAMAN   |e PERPUSTAKAAN KOMUNITI PETALING JAYA 
999 |a 043710   |b BUKU   |c PINJAMAN   |e PERPUSTAKAAN KOMUNITI PETALING JAYA